Statistics for Actors Who Have Acted With Chris Pratt

Click here to take the quiz!

General Stats

  • This quiz has been taken 22 times
  • The average score is 16 of 48

Answer Stats

HintAnswer% Correct
MCU FranchiseBradley Cooper
94%
MCU FranchiseRobert Downey Jr.
88%
MCU FranchiseVin Diesel
82%
MCU FranchiseZoe Saldana
82%
PassengersJennifer Lawrence
71%
Jurassic World Franchise/ Guardians of the Galaxy Vol. 2Jeff Goldblum
65%
MCU Franchise/ OnwardTom Holland
65%
MCU FranchiseDave Bautista
59%
Guardians of the Galaxy Vol. 2Kurt Russell
59%
Jurassic World FranchiseBryce Dallas Howard
47%
MCU FranchiseJosh Brolin
47%
Guardians of the Galaxy Vol. 2Sylvester Stallone
47%
MCU FranchiseBenedict Cumberbatch
35%
Movie 43Hugh Jackman
35%
Jennifer's BodyMegan Fox
35%
MCU FranchiseMichael Rooker
35%
The Lego Movie FranchiseMorgan Freeman
35%
MCU FranchisePom Klementieff
35%
The Lego Movie FranchiseElizabeth Banks
29%
Movie 43Emma Stone
29%
MCU FranchiseKaren Gillan
29%
The Lego Movie FranchiseWill Arnett
29%
The Lego Movie FranchiseWill Ferrell
29%
The Lego Movie FranchiseCharlie Day
24%
Movie 43Chloe Grace Moretz
24%
Guardians of the GalaxyDjimon Hounsou
24%
Guardians of the GalaxyLee Pace
24%
OnwardOctavia Spencer
24%
MCU FranchiseSean Gunn
24%
MCU FranchiseStan Lee
24%
The Lego Movie FranchiseChanning Tatum
18%
The Lego Movie Franchise/ MCU FranchiseCobie Smulders
18%
Guardians of the Galaxy Vol. 2Elizabeth Debicki
18%
Movie 43Halle Berry
18%
The Lego Movie FranchiseJonah Hill
18%
MCU FranchiseLaura Haddock
18%
Guardians of the Galaxy Vol. 2Michelle Yeoh
18%
The Lego Movie FranchiseNick Offerman
18%
Guardians of the Galaxy Vol. 2Ving Rhames
18%
Movie 43Brandon Routh
12%
Guardians of the Galaxy Vol. 2Chris Sullivan
12%
Guardians of the GalaxyJames Gunn
12%
Jurassic World FranchiseJustice Smith
12%
Guardians of the Galaxy Vol. 2Michael Rosenbaum
12%
Guardians of the GalaxyMiley Cyrus
12%
Jurassic World/ Avengers: EndgameTy Simpkins
12%
Guardians of the Galaxy Vol. 2David Hasselhoff
6%
MCU FranchiseTerry Notary
6%

Score Distribution

Percentile by Number Answered

Percent of People with Each Score

Your Score History

You have not taken this quiz